National Assembly Library of Thailand

การแต่งกายประดับเครื่องราชอิสริยาภรณ์ / (ระเบียนเลขที่ 93134)

รายละเอียดในรูปแบบ MARC
000 -LEADER
fixed length control field 01183nam a22002297a 4500
003 - CONTROL NUMBER IDENTIFIER
control field NALT
005 - DATE AND TIME OF LATEST TRANSACTION
control field 20221102092217.0
008 - FIXED-LENGTH DATA ELEMENTS--GENERAL INFORMATION
fixed length control field 170719b th ||||| |||| 00| 0 tha d
020 ## - INTERNATIONAL STANDARD BOOK NUMBER
International Standard Book Number 9789742611392
040 ## - CATALOGING SOURCE
Original cataloging agency NALT
050 ## - LIBRARY OF CONGRESS CALL NUMBER
Classification number CR 6080
Item number ส691ก 2551
110 2# - MAIN ENTRY--CORPORATE NAME
Corporate name or jurisdiction name as entry element สำนักเลขาธิการคณะรัฐมนตรี
9 (RLIN) 2957
245 10 - TITLE STATEMENT
Title การแต่งกายประดับเครื่องราชอิสริยาภรณ์ /
Statement of responsibility, etc. สำนักเลขาธิการคณะรัฐมนตรี.
250 ## - EDITION STATEMENT
Edition statement พิมพ์ครั้งที่ 5
260 ## - PUBLICATION, DISTRIBUTION, ETC.
Place of publication, distribution, etc. กรุงเทพฯ :
Name of publisher, distributor, etc. สวัสดิการสำนักเลขาธิการคณะรัฐมนตรี,
Date of publication, distribution, etc. 2551.
300 ## - PHYSICAL DESCRIPTION
Extent 352 หน้า :
Other physical details ภาพประกอบ ;
Dimensions 21 ซม.
650 #4 - SUBJECT ADDED ENTRY--TOPICAL TERM
9 (RLIN) 6257
Topical term or geographic name entry element เครื่องราชอิสริยาภรณ์
650 #4 - SUBJECT ADDED ENTRY--TOPICAL TERM
9 (RLIN) 6258
Topical term or geographic name entry element เครื่องราชอิสริยาภรณ์
General subdivision การแต่งกาย
850 ## - HOLDING INSTITUTION
Holding institution NALT
942 ## - ADDED ENTRY ELEMENTS (KOHA)
Source of classification or shelving scheme Library of Congress Classification
Koha item type General Book
998 ## - STAFF NAME (NALT)
-- 104
-- นางสาวสายฝน ดีงาม
รายการที่มีในห้องสมุด
Withdrawn status Lost status Source of classification or shelving scheme Damaged status Not for loan Collection code Home library Current library Date acquired Total Checkouts Full call number Barcode Date last seen Date last checked out Price effective from Koha item type
    Library of Congress Classification     General Book collection National Assembly Library of Thailand National Assembly Library of Thailand 19/07/2017 2 CR 6080 ส691ก 2551 3961206461 17/07/2018 03/07/2018 19/07/2017 General Book
หอสมุดรัฐสภา
สำนักงานเลขาธิการสภาผู้แทนราษฎร เลขที่ 1111 ถนนสามเสน แขวงถนนนครไชยศรี เขตดุสิต กรุงเทพฯ 10300
The Secretariat of the House of Representatives 1111 Samsen Road, Thanon Nakhon Chai Si, Dusit, Bangkok 10300, THAILAND
โทรศัพท์: +66(0) 2242 5900 ต่อ 5714-5 โทรสาร: +66(0) 2242 5990 อีเมล: [email protected]